000 00774nam a2200217Ia 4500
005 20250507130359.0
008 008 250505s9999 xx 000 0 chi d
020 _a978-986-00-6784-2
037 _aAnnuals, Advances
040 _aEASL
_beng
_cEASL
041 _achi
_2eng
084 _aPjN36, P6
_qEASL
100 _aChang Henry Y. Etc. Ed.
_9665498
245 0 _aStreams converging into an ocean: Festschrift in honour of professor Paul Jen-Kuei Li on his 70th birthday
260 _a Academia Sinica China
_bTaipei Instiute of Linguistics, Academia Sinica Taiwan
_c2006
300 _axiv,724p.
490 _aLanguage and linguistics monograph series no. W-5
650 _aCEL
942 _cTEXL
_hPjN36, P6
999 _c1319356
_d1319356